000 00672cam a22002174a 4500
001 16447477
005 20241125150000.0
008 100901s2011 nyua b 001 0 eng
020 _a9781617617652 (hardcover)
020 _z9781611221633
_qebook
050 0 0 _aHD9000.5
_b.G5827 2011
082 0 0 _a363.8/560973
_222
245 0 0 _aGlobal food security /
_cAngela N. Rivera, editor.
260 _aNew York :
_bNova Science Publishers,
_cc2011.
300 _aviii, 263 p. :
_bill. ;
_c26 cm.
650 0 _aFood supply.
650 0 _aAgricultural development projects.
650 0 _aAgricultural assistance, American.
700 1 _aRivera, Angela N.
942 _2lcc
_cBK
_n0
999 _c1516
_d1516